00662nam a2200181 i 450000100060000000300090000600500170001500700030003200800410003510000240007624501110010026000430021130000220025470000330027685200320030999900170034195201220035872498ES-MaACL20230906171443.0t|040901s1970 sp ||||1| spa d1 aGirolami, C.95726410aAnálisis y optimación de fondo de rotación / cpor C. Girolami ; traducida por: Manuel Poblete Ruiz. aMadrid : bIbérico Europea, c[1970] a104 p. ; c22 cm.1 aPoblete Ruiz, Manuel.992692 aES-MaACLjC-38561 bR.72677 c72498d72498 00104070aATENEOMbATENEOMcDEPO2d2008-01-17eSCl0oC-38561p1075898r2023-02-23 00:00:00w2023-02-23yMONOGRAFIA